Odpisovanie dlhodobého majetku z účtovného a daňového hľadiska diplomová práca

Uložené v:
Podrobná bibliografia
Hlavný autor: Pečík, Andrej
Korporativný autor: Národohospodárska fakulta EU. Katedra financií
Ďalší autori: Novák, Jaromír, 1978-
Médium: Kniha
Jazyk:Slovak
Vydavateľské údaje: Bratislava 2009
Tagy: Pridať tag
Žiadne tagy, Buďte prvý, kto otaguje tento záznam!

MARC

LEADER 00000nam$a2200000$$$4500
001 0096766
005 20240318141432.7
041 0 |a slo 
044 |a SK 
245 1 0 |a Odpisovanie dlhodobého majetku z účtovného a daňového hľadiska  |b diplomová práca  |c Andrej Pečík ; škol. Jaromír Novák 
264 1 |a Bratislava  |c 2009 
300 |a 75 s. 
100 1 |a Pečík, Andrej 
700 1 |a Novák, Jaromír, 1978- 
710 2 |a Národohospodárska fakulta EU. Katedra financií